| 000 | 01139nam a2200349 a 4500 | ||
|---|---|---|---|
| 001 | 000004059 | ||
| 003 | DO-SdBNP | ||
| 005 | 20170922121556.0 | ||
| 007 | 000004059 | ||
| 008 | 090716s2008 dr 001 0 spa d | ||
| 020 | _a9789945860269 | ||
| 040 |
_aBPMSU _bspa _cBPMSU |
||
| 092 |
_a158.1 _bR766f |
||
| 100 | 1 | _aRomán R., Rafael Antonio | |
| 245 | 1 | 0 |
_aFrases y comentarios que te harán vivir / _cRafael Antonio Román R. |
| 260 |
_aSanto Domingo : _bCuesta-Velíz, _c2008. |
||
| 300 |
_a116 p. ; _c22 cm. |
||
| 500 | _aIncluye índice | ||
| 504 | _aIncluye bibliografía (p. 113) | ||
| 590 | _aLa biblioteca posee un ejemplar autografiado por el autor | ||
| 650 | 1 | 4 | _aTÉCNICAS DE AUTOAYUDA |
| 650 | 1 | 4 | _aAUTORREALIZACIÓN (PSICOLOGÍA) |
| 650 | 1 | 4 | _aCONFIANZA EN SÍ MISMO |
| 650 | 1 | 4 | _aÉXITO |
| 910 | _aValidado. Control de calidad BNPHU | ||
| 930 | 1 |
_lBND01 _mLF1 _h158.1 _820090716 _f01 _pHD _g1139 |
|
| 942 |
_2ddc _cBK |
||
| 945 | _aInventariado, 2017/MFF | ||
| 956 |
_aSARMENTERO _b10 _c20090716 _lBND01 _h1242 |
||
| 956 |
_aBTAVAREZ _b10 _c20090720 _lBND01 _h1444 |
||
| 956 |
_aMMOLINA _b40 _c20090803 _lBND01 _h1441 |
||
| 999 |
_c7331 _d7331 |
||